Sécher des produits alimentaires (Record no. 20958)
[ view plain ]
| 000 -LEADER | |
|---|---|
| fixed length control field | 00551 a2200253 4500 |
| 020 ## - NUMERO INTERNATIONAL NORMALISE DES LIVRES | |
| International Standard Book Number | 2-86844-072-X |
| 100 ## - VEDETTE PRINCIPALE - NOM DE PERSONNE | |
| Personal name | ROZIS, Jean-François |
| 130 ## - VEDETTE PRINCIPALE - TITRE UNIFORME | |
| Language of a work | Fr |
| 260 ## - PUBLICATION, DISTRIBUTION, ETC. (IMPRINT) | |
| Place of publication, distribution, etc | Paris |
| 260 ## - PUBLICATION, DISTRIBUTION, ETC. (IMPRINT) | |
| Name of publisher, distributor, etc | GRET |
| 260 ## - PUBLICATION, DISTRIBUTION, ETC. (IMPRINT) | |
| Name of publisher, distributor, etc | CTA |
| 260 ## - PUBLICATION, DISTRIBUTION, ETC. (IMPRINT) | |
| Name of publisher, distributor, etc | Ministère de la Coopération |
| 245 ## - TITLE STATEMENT | |
| Title | Sécher des produits alimentaires |
| 260 ## - PUBLICATION, DISTRIBUTION, ETC. (IMPRINT) | |
| Date of publication, distribution, etc | 1995 |
| 300 ## - PHYSICAL DESCRIPTION | |
| Extent | 344p. |
| 440 ## - SERIES STATEMENT/ADDED ENTRY--TITLE | |
| Title | Le point sur |
| 650 ## - SUBJECT ADDED ENTRY--TOPICAL TERM | |
| Topical term or geographic name as entry element | Produit alimentaire |
| 690 ## - LOCAL SUBJECT ADDED ENTRY--TOPICAL TERM (OCLC, RLIN) | |
| Topical term or geographic name as entry element | Séchage |
| 700 1# - ADDED ENTRY--PERSONAL NAME | |
| Personal name | GUINEBAULT, Alain |
| 710 ## - ADDED ENTRY--CORPORATE NAME | |
| Corporate name or jurisdiction name as entry element | GERES |
| 710 ## - ADDED ENTRY--CORPORATE NAME | |
| Corporate name or jurisdiction name as entry element | GRET |
| Withdrawn status | Lost status | Damaged status | Not for loan | Location (home branch) | Sublocation or collection (holding branch) | Date acquired | Koha issues (times borrowed) | Koha full call number | Koha date last seen | Copy number | Price effective from | Koha item type | Public note |
|---|---|---|---|---|---|---|---|---|---|---|---|---|---|
| Bibliothèque-Centre de Documentation de la Faculté des Sciences Agronomiques | Bibliothèque-Centre de Documentation de la Faculté des Sciences Agronomiques | NSA.1995.010 | 27/02/2009 | 1 | 27/02/2009 | Livre | A.6610 |